banner-ar

تحرير التحبير فى صناعة الشعر والنثر وبيان اعجاز القرآن / (Record no. 44280)

MARC details
000 -الفاتح
حقل البيانات ثابتة الطول 01097nam a2200265Ia 4500
005 - وقت وتاريخ اخر تعامل مع التسجيلة
رقم الضبط 20240530104041.0
008 - عناصر البيانات ثابتة الطول - معلومات عامة
حقل البيانات ثابتة الطول 140319s9999 xx 000 0 ara d
040 ## - مصدر الفهرسة
وكالة الفهرسة الأصلية GCL /
وكالة النسخ GCL
082 04 - رقم تصنيف ديوى العشرى
رقم التصنيف 225.6
رقم المادة ا ت
100 1# - المدخل الرئيسى - إسم شخصى
الإسم الشخصى ابن ابى الاصبع : ذكى الدين ابو محمد عبدالعظيم بن عبدالواحد بن ظافر بن عبدالله بن محمد
245 10 - بيان العنوان
العنوان تحرير التحبير فى صناعة الشعر والنثر وبيان اعجاز القرآن /
بيان المسئوليه,etc ابى الاصبع المصرى ؛تقديم وتحقيق حفنى محمد شرف ؛ اشراف محمد توفيق عويضة
300 ## - الوصف المادى
التعداد 702
490 ## - بيان السلسلة
عنوان السلسلة 100 قصة
رقم المجلد/ التعيين التسلسلي 0
650 04 - المدخل الاضافى بالموضوع-مصطلح موضوعى
مصطلح موضوعي الاسلام
650 04 - المدخل الاضافى بالموضوع-مصطلح موضوعى
مصطلح موضوعي البلاغة العربية
650 04 - المدخل الاضافى بالموضوع-مصطلح موضوعى
مصطلح موضوعي الشعر
650 04 - المدخل الاضافى بالموضوع-مصطلح موضوعى
مصطلح موضوعي النثر
650 04 - المدخل الاضافى بالموضوع-مصطلح موضوعى
مصطلح موضوعي القران - بلاغة
650 04 - المدخل الاضافى بالموضوع-مصطلح موضوعى
مصطلح موضوعي القران - بديع
650 04 - المدخل الاضافى بالموضوع-مصطلح موضوعى
مصطلح موضوعي البلاغة العربية - البديع
700 0# - المدخل الاضافى - اسم شخصى
الإسم الشخصى محمد توفيق عويضة
الدور مشرف
700 0# - المدخل الاضافى - اسم شخصى
الإسم الشخصى حنفى محمد شرف
الدور محقق ومقدم
942 ## - عناصر المدخل الإضافي( كوها)
مصدر التصنيف او مخطط الترفيف Dewey Decimal Classification
Koha [default] item type كتاب
Holdings
حالة التراجع حالة الفقد حالة تلف ليس للاعارة المكان المؤقت الموقع الحالى تاريخ الاكتساب اجمالي اﻻعارات رقم الطلب الباركود تاريخ اخر مشاهدة تاريخ تفعيل السعر نوع وعاء كوها
        مكتبة القاهرة الكبرى مكتبة القاهرة الكبرى 03/26/2014   225.6\ا ت 107918 03/26/2014 03/26/2014 كتاب
        مكتبة القاهرة الكبرى مكتبة القاهرة الكبرى 03/26/2014   225.6\ا ت 107919 03/26/2014 03/26/2014 كتاب
        مكتبة القاهرة الكبرى مكتبة القاهرة الكبرى 03/26/2014   225.6\ا ت 107920 03/26/2014 03/26/2014 كتاب

Powered By

EGPV